[Event "Tradewise Gibraltar Masters 14th"]
[Site "Gibraltar"]
[Date "2016.01.27"]
[Round "2.93"]
[White "Pratyusha, Bodda"]
[Black "Vilarnovo Caamano, Jose"]
[Result "1-0"]
[WhiteElo "2278"]
[BlackElo "2043"]
[PlyCount "45"]
[EventDate "2016.01.26"]
[EventType "swiss"]
[EventRounds "10"]
[EventCountry "GGB"]
[Source "www.saund.co.uk"]
[SourceDate "2005.02.07"]

1. d4 f5 2. Nc3 Nf6 3. Bg5 d5 4. f3 c5 5. e4 Nc6 6. Bb5 fxe4 7. fxe4 Bg4 8. Qd2
cxd4 9. Bxf6 gxf6 10. Qxd4 dxe4 11. Qxe4 Qd7 12. Nge2 f5 13. Qa4 Bg7 14. O-O
Bxe2 15. Nxe2 O-O 16. Rad1 Qc7 17. Nf4 Ne5 18. Kh1 a6 19. Be2 Qb6 20. Nd5 Qd6
21. Qb3 Nf7 22. Nb6 Qe5 23. Bc4 1-0

[Event "Tradewise Gibraltar Masters 14th"]
[Site "Gibraltar"]
[Date "2016.01.27"]
[Round "2.94"]
[White "Watson, John L"]
[Black "Lindqvist, Roland"]
[Result "1-0"]
[WhiteElo "2277"]
[BlackElo "2018"]
[PlyCount "81"]
[EventDate "2016.01.26"]
[EventType "swiss"]
[EventRounds "10"]
[EventCountry "GGB"]
[Source "www.saund.co.uk"]
[SourceDate "2005.02.07"]

1. d4 d6 2. Nf3 Bg4 3. Qd3 c6 4. e4 Nf6 5. Nbd2 Nbd7 6. h3 Bxf3 7. Nxf3 e5 8.
c3 g6 9. Be3 Bg7 10. Be2 O-O 11. O-O Re8 12. dxe5 dxe5 13. Rfd1 Qc7 14. Qc2 Nb6
15. a4 Rad8 16. Rxd8 Rxd8 17. a5 Nc8 18. b4 h6 19. Nd2 Rd7 20. Nc4 h5 21. g3
Bf8 22. Kg2 c5 23. b5 Nh7 24. Rf1 Re7 25. Bd2 Nd6 26. b6 axb6 27. Nxb6 Re8 28.
f3 f5 29. Nd5 Qxa5 30. exf5 gxf5 31. c4 Qd8 32. f4 e4 33. Bxh5 Re6 34. Be3 Qc8
35. Be2 Bg7 36. g4 Nf6 37. g5 Nd7 38. Rd1 Qc6 39. h4 b5 40. cxb5 Nxb5 41. Qb3
1-0

[Event "Tradewise Gibraltar Masters 14th"]
[Site "Gibraltar"]
[Date "2016.01.27"]
[Round "2.95"]
[White "Moradi, Kimia"]
[Black "Perez Garcia, Alejandro"]
[Result "0-1"]
[WhiteElo "2024"]
[BlackElo "2273"]
[PlyCount "52"]
[EventDate "2016.01.26"]
[EventType "swiss"]
[EventRounds "10"]
[EventCountry "GGB"]
[Source "www.saund.co.uk"]
[SourceDate "2005.02.07"]

1. e4 e6 2. d4 d5 3. Nd2 c5 4. exd5 Qxd5 5. Ngf3 cxd4 6. Bc4 Qd6 7. O-O Nf6 8.
Nb3 a6 9. Nbxd4 Be7 10. Re1 O-O 11. c3 b5 12. Bb3 Nc6 13. Bg5 Bb7 14. Qc2 Nxd4
15. Nxd4 Ng4 16. Bxe7 Qxh2+ 17. Kf1 Qxg2+ 18. Ke2 Rfe8 19. Bh4 e5 20. Nf5 Be4
21. Bxf7+ Kh8 22. Qb3 Rad8 23. Nd4 exd4 24. Bxe8 Qf3+ 25. Kd2 Qf4+ 26. Kd1
dxc3+ 0-1

[Event "Tradewise Gibraltar Masters 14th"]
[Site "Gibraltar"]
[Date "2016.01.27"]
[Round "2.96"]
[White "Vea, Odin Blikra"]
[Black "Odeh, Kenneth"]
[Result "1-0"]
[WhiteElo "2271"]
[BlackElo "2014"]
[PlyCount "57"]
[EventDate "2016.01.26"]
[EventType "swiss"]
[EventRounds "10"]
[EventCountry "GGB"]
[Source "www.saund.co.uk"]
[SourceDate "2005.02.07"]

1. e4 c6 2. c4 d5 3. exd5 cxd5 4. cxd5 Qxd5 5. Nc3 Qa5 6. d4 e6 7. Nf3 Nf6 8.
Bd3 Be7 9. O-O O-O 10. Bd2 Nc6 11. a3 Qd8 12. Ne2 e5 13. Qc2 Nxd4 14. Nexd4
exd4 15. Rfe1 Bg4 16. Nxd4 Rc8 17. Bc3 Bc5 18. Nf5 Nd5 19. Nh6+ Kh8 20. Nxg4
Qh4 21. Bf5 Rc6 22. Qe4 Nxc3 23. bxc3 h5 24. Ne3 Qg5 25. Bd7 Rg6 26. h4 Qf6 27.
Qf5 Qe7 28. Nc4 Bxf2+ 29. Qxf2 1-0

[Event "Tradewise Gibraltar Masters 14th"]
[Site "Gibraltar"]
[Date "2016.01.27"]
[Round "2.97"]
[White "Korning, Peter"]
[Black "Henderson De La Fuente, Lance"]
[Result "0-1"]
[WhiteElo "2015"]
[BlackElo "2270"]
[PlyCount "116"]
[EventDate "2016.01.26"]
[EventType "swiss"]
[EventRounds "10"]
[EventCountry "GGB"]
[Source "www.saund.co.uk"]
[SourceDate "2005.02.07"]

1. e4 e5 2. Nf3 Nc6 3. Bb5 Nf6 4. O-O Nxe4 5. d4 Nd6 6. dxe5 Nxb5 7. a4 Nbd4 8.
Nxd4 Nxd4 9. Qxd4 d5 10. Qd3 c6 11. a5 Be7 12. Qg3 g6 13. Bh6 Bf5 14. a6 b6 15.
e6 Bxe6 16. Qc3 Kd7 17. Nd2 Bf6 18. Qg3 Rg8 19. Rad1 g5 20. Ne4 Be7 21. f4 gxf4
22. Qxf4 f5 23. Ng3 Bd6 24. Qd2 Qh4 25. Bf4 Bc5+ 26. Kh1 Rg4 27. Ne2 Rag8 28.
g3 Qf6 29. b4 Bd6 30. Bxd6 Kxd6 31. Nf4 Qh6 32. Rfe1 Bf7 33. Qe3 Re8 34. Qxe8
Bxe8 35. Rxe8 Rxf4 36. gxf4 Qxf4 37. Rde1 Qxb4 38. R1e7 Qb1+ 39. Kg2 Qxc2+ 40.
Kg3 Qb3+ 41. Kf4 Qa4+ 42. Kxf5 Qxa6 43. Re6+ Kc5 44. Kf6 Qf1+ 45. Ke7 Qf2 46.
Kd7 Qxh2 47. Rxc6+ Kb5 48. Rd6 Qh3+ 49. Kc7 Qg3 50. Kd7 Qg4+ 51. Kc7 Qf4 52.
Kd7 Qf5+ 53. Rde6 d4 54. Kc7 Kb4 55. Kb7 d3 56. Kxa7 b5 57. Ka6 d2 58. Rd6 d1=Q
0-1

[Event "Tradewise Gibraltar Masters 14th"]
[Site "Gibraltar"]
[Date "2016.01.27"]
[Round "2.98"]
[White "Sanchez Jerez, Emilio Miguel"]
[Black "Harding, Tim D"]
[Result "1-0"]
[WhiteElo "2265"]
[BlackElo "2006"]
[PlyCount "79"]
[EventDate "2016.01.26"]
[EventType "swiss"]
[EventRounds "10"]
[EventCountry "GGB"]
[Source "www.saund.co.uk"]
[SourceDate "2005.02.07"]

1. e4 e6 2. Nc3 d5 3. f4 Nf6 4. e5 Nfd7 5. Qg4 Nc6 6. Nd1 Nb4 7. Ne3 d4 8. c3
dxe3 9. cxb4 Qe7 10. a3 a5 11. bxa5 Qc5 12. dxe3 Qxa5+ 13. Bd2 Qb6 14. b4 g6
15. Bc4 Bg7 16. Qe2 f6 17. Nf3 fxe5 18. Bc3 O-O 19. fxe5 Rf5 20. O-O Nxe5 21.
Nxe5 Bxe5 22. Bxe5 Rxe5 23. Rad1 Rxe3 24. Qf2 Re4 25. Rd8+ Kg7 26. Qxb6 cxb6
27. Rc1 Kf6 28. Bd3 Re3 29. Kf2 Re5 30. Rdxc8 Rxa3 31. R1c3 Ra2+ 32. Rc2 Ra4
33. R8c4 b5 34. Rf4+ Ke7 35. Rc7+ Kd6 36. Rxb7 Kc6 37. Rxh7 g5 38. Rd4 Ra2+ 39.
Kf3 Ra3 40. Kg4 1-0

[Event "Tradewise Gibraltar Masters 14th"]
[Site "Gibraltar"]
[Date "2016.01.27"]
[Round "2.99"]
[White "Henrichsen, Jens"]
[Black "Nava Pereda, Carlos"]
[Result "0-1"]
[WhiteElo "2012"]
[BlackElo "2262"]
[PlyCount "48"]
[EventDate "2016.01.26"]
[EventType "swiss"]
[EventRounds "10"]
[EventCountry "GGB"]
[Source "www.saund.co.uk"]
[SourceDate "2005.02.07"]

1. d4 Nf6 2. c4 e6 3. Nf3 Bb4+ 4. Nbd2 O-O 5. e3 b6 6. Bd3 Bb7 7. O-O d5 8. a3
Be7 9. Qc2 c5 10. b3 Nbd7 11. Ne5 Rc8 12. Ndf3 h6 13. Qe2 Nxe5 14. Nxe5 dxc4
15. Bxc4 cxd4 16. Rd1 Nd5 17. Rxd4 Bf6 18. f4 Nxf4 19. Qf2 Nd5 20. Qg3 Qc7 21.
Ng4 Qxg3 22. Nxf6+ Nxf6 23. hxg3 Bd5 24. Ba6 Rc2 0-1

[Event "Tradewise Gibraltar Masters 14th"]
[Site "Gibraltar"]
[Date "2016.01.27"]
[Round "2.100"]
[White "Gavilan Diaz, Mario"]
[Black "Eagleton, Greg T"]
[Result "1-0"]
[WhiteElo "2261"]
[BlackElo "1981"]
[PlyCount "65"]
[EventDate "2016.01.26"]
[EventType "swiss"]
[EventRounds "10"]
[EventCountry "GGB"]
[Source "www.saund.co.uk"]
[SourceDate "2005.02.07"]

1. e4 c5 2. Nf3 d6 3. d4 cxd4 4. Nxd4 Nf6 5. Nc3 a6 6. h3 g6 7. g4 Bg7 8. Bg2
O-O 9. O-O Nbd7 10. g5 Ne8 11. Be3 e5 12. Nde2 Nb6 13. b3 Be6 14. a4 f6 15. h4
a5 16. Qd2 Rf7 17. Rad1 Ra6 18. Nb5 Bf8 19. c4 Nc8 20. Nec3 Qd7 21. Kh2 fxg5
22. hxg5 h6 23. f4 Bg4 24. Rc1 hxg5 25. fxg5 Rh7+ 26. Kg1 Bh3 27. Nd5 Bxg2 28.
Qxg2 Bg7 29. Kf2 Rh4 30. Ke2 Ne7 31. Nf6+ Bxf6 32. gxf6 Rg4 33. f7+ 1-0

[Event "Tradewise Gibraltar Masters 14th"]
[Site "Gibraltar"]
[Date "2016.01.27"]
[Round "2.101"]
[White "Burke, Mitchell R"]
[Black "Cordes, Hans-Joerg"]
[Result "1/2-1/2"]
[WhiteElo "2002"]
[BlackElo "2257"]
[PlyCount "61"]
[EventDate "2016.01.26"]
[EventType "swiss"]
[EventRounds "10"]
[EventCountry "GGB"]
[Source "www.saund.co.uk"]
[SourceDate "2005.02.07"]

1. e4 e6 2. d4 d5 3. e5 c5 4. c3 Nc6 5. Be3 Qb6 6. Qd2 f6 7. f4 Nh6 8. Nf3 Bd7
9. Bd3 cxd4 10. cxd4 Bb4 11. Nc3 Na5 12. Rc1 Rc8 13. O-O f5 14. Qe2 Nc4 15. Nd1
Nxe3 16. Nxe3 O-O 17. h3 Rc7 18. Rxc7 Qxc7 19. Qc2 Qa5 20. a3 Be7 21. Rc1 Rc8
22. Qd1 Rc6 23. Rc2 Nf7 24. Qd2 Qa4 25. Nd1 Bd8 26. Rxc6 Bxc6 27. Qc2 Bb6 28.
Qxa4 Bxa4 29. Nc3 Be8 30. Kf2 a6 31. Ke3 1/2-1/2

[Event "Tradewise Gibraltar Masters 14th"]
[Site "Gibraltar"]
[Date "2016.01.27"]
[Round "2.102"]
[White "Marcos Herrero, Francisco"]
[Black "Menna Barreto, Felipe Kubiaki"]
[Result "0-1"]
[WhiteElo "1982"]
[BlackElo "2247"]
[PlyCount "88"]
[EventDate "2016.01.26"]
[EventType "swiss"]
[EventRounds "10"]
[EventCountry "GGB"]
[Source "www.saund.co.uk"]
[SourceDate "2005.02.07"]

1. d4 Nf6 2. c4 e6 3. g3 Bb4+ 4. Bd2 Qe7 5. Bg2 O-O 6. a3 Bxd2+ 7. Nxd2 d6 8.
e4 e5 9. d5 a5 10. b3 Na6 11. Ne2 c6 12. O-O Bd7 13. Nc3 cxd5 14. cxd5 Rac8 15.
Rc1 b5 16. Qe2 Rc5 17. Na2 Rfc8 18. a4 Qd8 19. Rxc5 Rxc5 20. Rc1 Qc7 21. Rxc5
Qxc5 22. Qd3 Ng4 23. Qe2 Nc7 24. Bf3 Nf6 25. Qe3 Qxe3 26. fxe3 bxa4 27. bxa4
Bxa4 28. Nc3 Bb5 29. Bd1 Bd3 30. Kf2 Nb5 31. Nxb5 Bxb5 32. Kf3 Kf8 33. Nb1 g5
34. h3 h5 35. Nc3 g4+ 36. Kg2 Bd3 37. hxg4 hxg4 38. Kf2 Bxe4 39. Bb3 Bd3 40.
Ke1 Ne4 41. Nxe4 Bxe4 42. Kd2 f5 43. Ba2 a4 44. Ke1 Bc2 0-1

[Event "Tradewise Gibraltar Masters 14th"]
[Site "Gibraltar"]
[Date "2016.01.27"]
[Round "2.103"]
[White "Mohota, Nisha"]
[Black "Skutta, Bernd"]
[Result "1-0"]
[WhiteElo "2245"]
[BlackElo "1966"]
[PlyCount "79"]
[EventDate "2016.01.26"]
[EventType "swiss"]
[EventRounds "10"]
[EventCountry "GGB"]
[Source "www.saund.co.uk"]
[SourceDate "2005.02.07"]

1. d4 d5 2. c4 c6 3. Nc3 Nf6 4. e3 Bf5 5. cxd5 cxd5 6. Qb3 Nc6 7. Qxb7 Bd7 8.
Qb3 Rb8 9. Qd1 Qa5 10. Bd3 e5 11. Nge2 Bd6 12. dxe5 Bxe5 13. O-O O-O 14. Nd4
Nb4 15. Be2 Bxd4 16. exd4 Bf5 17. Bf4 Rb7 18. a3 Nc2 19. Ra2 Qb6 20. Be5 Qb3
21. Bxf6 gxf6 22. Bd3 Bxd3 23. Qxd3 Rc8 24. Rc1 Re7 25. h4 Rxc3 26. Qxc3 Qxa2
27. Rxc2 Qb1+ 28. Kh2 Kg7 29. Qg3+ Kh6 30. Qf4+ Kg7 31. Rc3 Qe4 32. Rg3+ Kf8
33. Qxf6 Re6 34. Qd8+ Re8 35. Qd6+ Re7 36. Re3 Qxh4+ 37. Kg1 Ke8 38. Qb8+ Kd7
39. Qxa7+ Kd8 40. Qxe7+ 1-0

[Event "Tradewise Gibraltar Masters 14th"]
[Site "Gibraltar"]
[Date "2016.01.27"]
[Round "2.104"]
[White "Zachariassen, John"]
[Black "Hommerson, Paul"]
[Result "0-1"]
[WhiteElo "1958"]
[BlackElo "2240"]
[PlyCount "56"]
[EventDate "2016.01.26"]
[EventType "swiss"]
[EventRounds "10"]
[EventCountry "GGB"]
[Source "www.saund.co.uk"]
[SourceDate "2005.02.07"]

1. c4 Nf6 2. Nf3 g6 3. g3 Bg7 4. Bg2 O-O 5. O-O d6 6. Nc3 e5 7. d3 Nc6 8. Rb1
a5 9. Bd2 h6 10. a3 Be6 11. b4 axb4 12. axb4 Qd7 13. Re1 Nh5 14. b5 Ne7 15. Qc1
Kh7 16. e4 f5 17. exf5 Bxf5 18. Ne4 Nf6 19. Nh4 Nxe4 20. dxe4 Bg4 21. Qc3 g5
22. Nf3 Ng6 23. Rb3 Qf7 24. Qd3 Ra2 25. Rc3 Bxf3 26. Bxf3 g4 27. Be2 Qxf2+ 28.
Kh1 Rf3 0-1

[Event "Tradewise Gibraltar Masters 14th"]
[Site "Gibraltar"]
[Date "2016.01.27"]
[Round "2.105"]
[White "Heinemann, Josefine"]
[Black "Boron, Anthony"]
[Result "1-0"]
[WhiteElo "2233"]
[BlackElo "1915"]
[PlyCount "111"]
[EventDate "2016.01.26"]
[EventType "swiss"]
[EventRounds "10"]
[EventCountry "GGB"]
[Source "www.saund.co.uk"]
[SourceDate "2005.02.07"]

1. e4 c5 2. Nf3 e6 3. d4 cxd4 4. Nxd4 Nf6 5. Nc3 Nc6 6. Ndb5 Bb4 7. a3 Bxc3+ 8.
Nxc3 d5 9. exd5 exd5 10. Bd3 O-O 11. O-O d4 12. Ne2 Bg4 13. Bg5 Re8 14. Re1 Qd6
15. f3 Bh5 16. Qd2 Rad8 17. Rad1 Bg6 18. Bh4 Bxd3 19. Qxd3 Rd7 20. Bf2 Ne5 21.
Qb5 a6 22. Qa4 d3 23. Ng3 Red8 24. Ne4 Nxe4 25. Qxe4 f6 26. cxd3 Qd5 27. d4 Nc6
28. Qc2 Qb5 29. Qc3 Qa4 30. Rd2 Qb5 31. h3 Ne7 32. Rde2 Nd5 33. Qd2 Kf7 34. g3
Qb3 35. Kg2 Rc8 36. Qd1 Qxd1 37. Rxd1 Rdc7 38. f4 Rc2 39. Rde1 g6 40. Kf3 Rxe2
41. Rxe2 b5 42. g4 h6 43. Rd2 Rc4 44. Ke4 Ne7 45. f5 g5 46. Bg3 Nc8 47. Kd3 Nb6
48. Bd6 Rc6 49. Bc5 Nd5 50. Ke4 Nf4 51. b4 Rc8 52. d5 Re8+ 53. Kf3 Nxh3 54. d6
Rd8 55. d7 Nf4 56. Bb6 1-0

[Event "Tradewise Gibraltar Masters 14th"]
[Site "Gibraltar"]
[Date "2016.01.27"]
[Round "2.106"]
[White "Lafortune, Emerick"]
[Black "Saber, Yasser"]
[Result "0-1"]
[WhiteElo "1923"]
[BlackElo "2230"]
[PlyCount "58"]
[EventDate "2016.01.26"]
[EventType "swiss"]
[EventRounds "10"]
[EventCountry "GGB"]
[Source "www.saund.co.uk"]
[SourceDate "2005.02.07"]

1. e4 d6 2. d4 Nf6 3. Nc3 g6 4. Be2 a6 5. h4 h5 6. Nh3 Bg7 7. f3 Nc6 8. Be3 O-O
9. Qd2 e5 10. d5 Nd4 11. Bxd4 exd4 12. Qxd4 c6 13. Qd2 cxd5 14. exd5 b5 15. a3
Bb7 16. Ng5 Rc8 17. O-O-O Qb6 18. g4 b4 19. Na4 Qc7 20. axb4 Nxd5 21. Kb1 Qc6
22. b3 Nxb4 23. Bc4 d5 24. Qxb4 dxc4 25. Rd6 Qc7 26. Rb6 cxb3 27. Qxb3 Bd5 28.
Qd3 Bc6 29. Rxa6 Bb5 0-1

[Event "Tradewise Gibraltar Masters 14th"]
[Site "Gibraltar"]
[Date "2016.01.27"]
[Round "2.107"]
[White "House, Glenn L"]
[Black "Lochte, Szilvia"]
[Result "1-0"]
[WhiteElo "2226"]
[BlackElo "1913"]
[PlyCount "75"]
[EventDate "2016.01.26"]
[EventType "swiss"]
[EventRounds "10"]
[EventCountry "GGB"]
[Source "www.saund.co.uk"]
[SourceDate "2005.02.07"]

1. Nf3 Nf6 2. g3 g6 3. Bg2 Bg7 4. O-O O-O 5. d3 d5 6. Nbd2 c5 7. e4 dxe4 8.
dxe4 Nc6 9. c3 Qc7 10. a4 Bg4 11. Qc2 Rad8 12. Re1 h6 13. Nc4 Nd7 14. Bf4 e5
15. Bc1 Be6 16. Ne3 Nb6 17. a5 Nc4 18. Nxc4 Bxc4 19. Qa4 Be6 20. Nd2 b6 21.
axb6 axb6 22. Nc4 Ra8 23. Qxa8 Rxa8 24. Rxa8+ Kh7 25. Ne3 Na7 26. Rd1 Bc8 27.
Nd5 Qb7 28. Rxc8 Nxc8 29. Be3 Qc6 30. b4 Na7 31. bxc5 bxc5 32. Ra1 Nb5 33. Bf1
Nd6 34. Ra6 Qd7 35. f3 c4 36. Rb6 Nc8 37. Rb4 Ne7 38. Bxc4 1-0

[Event "Tradewise Gibraltar Masters 14th"]
[Site "Gibraltar"]
[Date "2016.01.27"]
[Round "2.108"]
[White "Slinger, Tony J"]
[Black "Fiala, Vaclav"]
[Result "1/2-1/2"]
[WhiteElo "1915"]
[BlackElo "2217"]
[PlyCount "120"]
[EventDate "2016.01.26"]
[EventType "swiss"]
[EventRounds "10"]
[EventCountry "GGB"]
[Source "www.saund.co.uk"]
[SourceDate "2005.02.07"]

1. c4 Nf6 2. g3 e5 3. Bg2 Bc5 4. Nc3 O-O 5. e3 Re8 6. Nge2 Nc6 7. O-O d6 8. a3
a5 9. d3 Bb6 10. b3 Bg4 11. Qc2 Qc8 12. Nd5 Nxd5 13. cxd5 Ne7 14. Bb2 Bh3 15.
e4 c6 16. dxc6 Nxc6 17. Rac1 Qg4 18. Kh1 Rac8 19. Qd1 Qh5 20. Bxh3 Qxh3 21. Ng1
Qe6 22. Ne2 Bd4 23. Bxd4 Nxd4 24. Nxd4 exd4 25. Rc4 d5 26. Rxd4 dxe4 27. dxe4
Rc3 28. Kg1 Qxb3 29. Rd8 Qe6 30. Qd5 Rc8 31. Rxe8+ Rxe8 32. Qxb7 Qxe4 33. Qxe4
Rxe4 34. Rc1 h6 35. h4 g6 36. Rc5 Ra4 37. Rc3 Kg7 38. Kf1 g5 39. hxg5 hxg5 40.
f3 Kg6 41. Ke2 g4 42. fxg4 Rxg4 43. Kf3 Rd4 44. Ke3 Ra4 45. Kf3 Kg5 46. Rc5+ f5
47. Rc3 Rd4 48. Ke3 Re4+ 49. Kf3 Ra4 50. Rd3 Rc4 51. Re3 Rc5 52. Rd3 Rb5 53.
Kg2 Rb2+ 54. Kh3 Ra2 55. Rc3 a4 56. Rd3 Kf6 57. Rf3 Ke5 58. Kh4 f4 59. gxf4+
Kf5 60. Rc3 Kxf4 1/2-1/2

[Event "Tradewise Gibraltar Masters 14th"]
[Site "Gibraltar"]
[Date "2016.01.27"]
[Round "2.109"]
[White "Midonet, Mathieu"]
[Black "Gravett, Alan D"]
[Result "1-0"]
[WhiteElo "2211"]
[BlackElo "1884"]
[PlyCount "65"]
[EventDate "2016.01.26"]
[EventType "swiss"]
[EventRounds "10"]
[EventCountry "GGB"]
[Source "www.saund.co.uk"]
[SourceDate "2005.02.07"]

1. e4 c5 2. b3 Nc6 3. Bb2 d6 4. Bb5 Bd7 5. f4 e5 6. Nf3 Nf6 7. fxe5 Nxe5 8.
Bxd7+ Nfxd7 9. O-O Be7 10. Nxe5 dxe5 11. Na3 a6 12. Nc4 f6 13. Qh5+ g6 14. Qh6
Bf8 15. Qh3 Qe7 16. Ne3 Nb6 17. a4 a5 18. d4 exd4 19. Nd5 Nxd5 20. exd5 Qd7 21.
Rae1+ Be7 22. d6 Qxd6 23. Re6 Qd7 24. Rfe1 O-O-O 25. Rxe7 Qxh3 26. gxh3 Rd7 27.
Ba3 b6 28. R7e6 Kc7 29. Rxf6 Rhd8 30. Ree6 Rd6 31. Rxd6 Rxd6 32. Rxd6 Kxd6 33.
Kf2 1-0

[Event "Tradewise Gibraltar Masters 14th"]
[Site "Gibraltar"]
[Date "2016.01.27"]
[Round "2.110"]
[White "Bajer, Renato"]
[Black "Nebolsina, Vera"]
[Result "1/2-1/2"]
[WhiteElo "1890"]
[BlackElo "2208"]
[PlyCount "60"]
[EventDate "2016.01.26"]
[EventType "swiss"]
[EventRounds "10"]
[EventCountry "GGB"]
[Source "www.saund.co.uk"]
[SourceDate "2005.02.07"]

1. e4 c5 2. Nf3 Nc6 3. d4 cxd4 4. Nxd4 e5 5. Nb5 d6 6. N1c3 a6 7. Na3 Be7 8.
Nd5 Nf6 9. Nxf6+ Bxf6 10. c4 O-O 11. Bd3 Bg5 12. O-O Be6 13. Nc2 Rc8 14. Kh1
Bf4 15. Be3 Qg5 16. g3 Bh3 17. Rg1 Bxe3 18. fxe3 h5 19. Be2 g6 20. g4 hxg4 21.
Bxg4 Bxg4 22. Rxg4 Qh5 23. Qe2 Kg7 24. Rag1 Rh8 25. Qf2 Nd8 26. Nb4 Rxc4 27.
Nd5 Nc6 28. Qf6+ Kf8 29. Qxd6+ Kg7 30. Qf6+ Kf8 1/2-1/2

[Event "Tradewise Gibraltar Masters 14th"]
[Site "Gibraltar"]
[Date "2016.01.27"]
[Round "2.111"]
[White "Walton, Alan J"]
[Black "Sajjadi, Kimiya"]
[Result "1-0"]
[WhiteElo "2206"]
[BlackElo "1839"]
[PlyCount "103"]
[EventDate "2016.01.26"]
[EventType "swiss"]
[EventRounds "10"]
[EventCountry "GGB"]
[Source "www.saund.co.uk"]
[SourceDate "2005.02.07"]

1. d4 Nf6 2. Bg5 d5 3. Bxf6 gxf6 4. e3 c5 5. c3 e6 6. Nd2 Nc6 7. g3 Bd7 8. Bg2
f5 9. Ne2 Qb6 10. b3 cxd4 11. exd4 Bg7 12. Nf4 Rg8 13. O-O Ne7 14. Nf3 Ng6 15.
Nxg6 hxg6 16. c4 Bc6 17. c5 Qc7 18. Re1 Rh8 19. b4 Qe7 20. a4 a6 21. Rb1 Qd7
22. Ra1 f6 23. Qb3 Kf7 24. Bf1 Qc7 25. b5 axb5 26. axb5 Bd7 27. Qc3 Bh6 28.
Rxa8 Rxa8 29. Ra1 Rxa1 30. Qxa1 f4 31. Qa7 Bc8 32. c6 fxg3 33. hxg3 Bf8 34. Qa4
Bd6 35. Kg2 Kg7 36. Qc2 Kh6 37. Bd3 g5 38. Qa4 bxc6 39. bxc6 Be7 40. Nd2 Bd6
41. Qb5 g4 42. Nb3 f5 43. Bc2 f4 44. gxf4 Bxf4 45. Qd3 Qf7 46. Nc5 Kg5 47. Nd7
Ba6 48. Qxa6 Qh5 49. Qd3 Qh2+ 50. Kf1 Qh3+ 51. Qxh3 gxh3 52. Ne5 1-0

[Event "Tradewise Gibraltar Masters 14th"]
[Site "Gibraltar"]
[Date "2016.01.27"]
[Round "2.112"]
[White "Wilson, Matthew R"]
[Black "Verneuil, Pascal"]
[Result "0-1"]
[WhiteElo "1873"]
[BlackElo "2205"]
[PlyCount "62"]
[EventDate "2016.01.26"]
[EventType "swiss"]
[EventRounds "10"]
[EventCountry "GGB"]
[Source "www.saund.co.uk"]
[SourceDate "2005.02.07"]

1. e4 c5 2. Nc3 Nc6 3. f4 g6 4. Nf3 Bg7 5. Bb5 Nd4 6. O-O a6 7. Bd3 d6 8. Nxd4
cxd4 9. Ne2 Nh6 10. f5 e6 11. Ng3 d5 12. Qf3 dxe4 13. Bxe4 Nxf5 14. Nxf5 exf5
15. Bxb7 Bxb7 16. Qxb7 O-O 17. d3 Rc8 18. Qb3 Qc7 19. Rf2 Be5 20. g3 Rfe8 21.
Bh6 Bxg3 22. hxg3 Qxg3+ 23. Rg2 Re1+ 24. Rxe1 Qxe1+ 25. Kh2 Qh4+ 26. Kg1 Qxh6
27. Qb6 Qe3+ 28. Kh2 Re8 29. Qa5 Qf4+ 30. Kg1 Qh4 31. Kf1 f4 0-1

[Event "Tradewise Gibraltar Masters 14th"]
[Site "Gibraltar"]
[Date "2016.01.27"]
[Round "2.113"]
[White "Pinho, Paulo"]
[Black "Christophe-Hayot, Romain"]
[Result "1-0"]
[WhiteElo "2197"]
[BlackElo "1824"]
[PlyCount "57"]
[EventDate "2016.01.26"]
[EventType "swiss"]
[EventRounds "10"]
[EventCountry "GGB"]
[Source "www.saund.co.uk"]
[SourceDate "2005.02.07"]

1. d4 f5 2. g3 Nf6 3. Bg2 d5 4. Nf3 e6 5. O-O Bd6 6. b3 Nbd7 7. c4 c6 8. Ba3
Qe7 9. Bxd6 Qxd6 10. Qc2 f4 11. Nbd2 O-O 12. Rae1 Ng4 13. h3 Ne3 14. fxe3 fxe3
15. Ng5 g6 16. Rxf8+ Nxf8 17. Nf1 e5 18. cxd5 h6 19. Ne4 Qb4 20. Rd1 cxd5 21.
Nf6+ Kg7 22. dxe5 Be6 23. Qc7+ Kh8 24. Nxd5 Qa3 25. Qc3 Qxa2 26. Qxe3 Kg7 27.
Nc7 Rc8 28. Nxe6+ Nxe6 29. Rd7+ 1-0

[Event "Tradewise Gibraltar Masters 14th"]
[Site "Gibraltar"]
[Date "2016.01.27"]
[Round "2.114"]
[White "Winter, Kevin"]
[Black "Guthrie, David"]
[Result "0-1"]
[WhiteElo "1825"]
[BlackElo "2187"]
[PlyCount "76"]
[EventDate "2016.01.26"]
[EventType "swiss"]
[EventRounds "10"]
[EventCountry "GGB"]
[Source "www.saund.co.uk"]
[SourceDate "2005.02.07"]

1. e4 c5 2. Nf3 e6 3. d4 cxd4 4. Nxd4 Nf6 5. Nc3 d6 6. Bc4 Be7 7. Be3 O-O 8.
Bb3 Nc6 9. Qe2 a6 10. O-O-O Qc7 11. Rhg1 b5 12. g4 Na5 13. g5 Nxb3+ 14. axb3
Nd7 15. Nf5 exf5 16. Nd5 Qd8 17. exf5 Re8 18. Qh5 g6 19. Qf3 Rb8 20. fxg6 fxg6
21. Bf4 Bb7 22. Qh3 Bxd5 23. Rxd5 Bf8 24. Rgd1 Nb6 25. Rxd6 Bxd6 26. Bxd6 Qxg5+
27. f4 Qf5 28. Qxf5 gxf5 29. Bxb8 Rxb8 30. Rd6 Kf7 31. Rh6 Kg7 32. Rd6 Rb7 33.
h4 h5 34. c3 a5 35. Kc2 a4 36. bxa4 bxa4 37. Rc6 Nd5 38. Rc4 Ne3+ 0-1

[Event "Tradewise Gibraltar Masters 14th"]
[Site "Gibraltar"]
[Date "2016.01.27"]
[Round "2.115"]
[White "Baert, Andy"]
[Black "Chidi, Lovinia Sylvia"]
[Result "1-0"]
[WhiteElo "2184"]
[BlackElo "1780"]
[PlyCount "53"]
[EventDate "2016.01.26"]
[EventType "swiss"]
[EventRounds "10"]
[EventCountry "GGB"]
[Source "www.saund.co.uk"]
[SourceDate "2005.02.07"]

1. d4 d6 2. e4 Nf6 3. Nc3 g6 4. Bg5 Bg7 5. f4 c6 6. Nf3 Bg4 7. h3 Bxf3 8. Qxf3
Qb6 9. O-O-O Na6 10. e5 Nd7 11. exd6 e6 12. Bxa6 bxa6 13. f5 O-O 14. fxe6 fxe6
15. Qe4 Rae8 16. Be7 e5 17. Bxf8 Rxf8 18. dxe5 Rb8 19. Qc4+ Kh8 20. Na4 Qe3+
21. Kb1 Qxe5 22. c3 Qf5+ 23. Ka1 Ne5 24. Qc5 Qd7 25. Rhe1 Rb5 26. Qf2 Kg8 27.
Nc5 1-0

[Event "Tradewise Gibraltar Masters 14th"]
[Site "Gibraltar"]
[Date "2016.01.27"]
[Round "2.116"]
[White "Schimmer, Michael"]
[Black "Semprun Martinez, Fernando"]
[Result "0-1"]
[WhiteElo "1782"]
[BlackElo "2178"]
[PlyCount "76"]
[EventDate "2016.01.26"]
[EventType "swiss"]
[EventRounds "10"]
[EventCountry "GGB"]
[Source "www.saund.co.uk"]
[SourceDate "2005.02.07"]

1. e4 c5 2. Nf3 Nc6 3. d4 cxd4 4. Nxd4 Nf6 5. Nc3 d6 6. Bg5 e6 7. Qd2 a6 8.
O-O-O Bd7 9. f4 b5 10. Nxc6 Bxc6 11. Bd3 b4 12. Ne2 Qb6 13. Ng3 h5 14. Bh4 Ng4
15. Nf1 d5 16. h3 Nf6 17. Bxf6 gxf6 18. exd5 Bxd5 19. Ne3 Rd8 20. Rhe1 Bc5 21.
f5 Bxe3 22. Rxe3 e5 23. Qe2 Ke7 24. Rxe5+ fxe5 25. Qxe5+ Be6 26. Re1 Qd6 27.
Qa5 Qf4+ 28. Kd1 Rh6 29. fxe6 Rxe6 30. Rxe6+ fxe6 31. Qxh5 Qf1+ 32. Kd2 Qxg2+
33. Kd1 Qf1+ 34. Kd2 Qf4+ 35. Kd1 Rd5 36. Qh7+ Kd6 37. Qb7 Qf1+ 38. Kd2 Qg2+
0-1